00488 2200193 4500001002100000005001500021008004100036020002200077035002000099082000800119084001400127100002300141245003400164260003100198300002900229990001200258990001200270990001200282INLIS00000000000147320241015070931241015 0  a978-623-180-407-5 a0010-1024000026 a297 a297 SAD p aDrs. H. Sadi, M.Si1 aPAI XII /cDrs. H. Sadi, M.Si aJakarta :bErlangga,c2023 a260 hlm. ;c17,6 x 25 cm a0753683 a0753684 a0753685